000 00628nam a2200229Ia 4500
003 OSt
005 20220918192710.0
006 a|||||r|||| 00| 0
007 ta
008 220917b |||||||| |||| 00| 0 eng d
024 _a69,698
037 _cTextual
040 _aARTS
_cARTS
_beng
041 _2eng
_aeng
082 _aQx, D0
100 _aWilson E
_941490
245 0 _aVedic hyms the zend avesta the dhammaveda the Upanishads the Korean and the life of Buddha
260 _aNew Delhi
_bAsian Edu Serv
_c1978
650 _aRELIGION
942 _hQx, D0
_cTEXL
_2CC
999 _c195830
_d195830